1749 1841 1763 1717 1129 1975 1538 1881 1445 1293 1286 1586 1565 1720 1656 1813 1656 1663 1619 1610 1320 1182 1698 1145 1749 1753 1068 1785 1519 1828 1760 1580 1294 1835 1623 1660 1027 1802 1906 1869 1386 1688 1961 1086 1979 1654 1554 1154 1477 1762 1433 1044 1264 1186 1794 1824 1677 1634 1985 1116 1634 1702 1004 1036 1845 1582 1219 1739 1472 1654 1982 1445 1989 1296 1799 1937 1182 1620 1494 1669 1454 1617 1877 1158 1282 1615 1289 1922 1139 1252 1630 1370 1827 2000 1647 1660 1919 1776 1633 BCNSPRNW ULIB Ver.6.0+V

เปลี่ยนเป็นภาษาไทย

Change to English
 แสดงรายละเอียดบรรณานุกรม
  กลับหน้าหลัก

Brief Record : Get Marc (ISO 2709) : E-mail record : QR code < ปิดหน้าต่าง
LEADER : 00000nam 2200000uu 4500
001    13399115307
003     ULIB
008    120810s2551||||th 000 0 tha d
020    ^a9789749749388
050  4 ^aTK5105.88^bป342ม 2551
100 0  ^aประภาพร ช่างไม้
245 10 ^aมือใหม่สร้างเว็บไซต์ Photoshop + Dreamweaver /^cประภาพร ช่างไม้ ; บรรณาธิการ ดนุพล กิ่งสุคนธ์
250    ^aพิมพ์ครั้งที่ 1
260    ^aนนทบุรี :^bไอดีซี อินโฟ ดิสทริบิวเตอร์ เซ็นเตอร์,^c2551
300    ^aix, 314 หน้า :^bภาพประกอบสี ;^c21 ซม. +^eซีดี-รอม 1 แผ่น
650  4 ^aการประมวลผลภาพ^xเทคนิคดิจิตอล
650  4 ^aคอมพิวเตอร์กราฟิก
650  4 ^aดรีมวีเวอร์
650  4 ^aแฟลช (แฟ้มข้อมูลคอมพิวเตอร์)
650  4 ^aเว็บไซต์^xการออกแบบ
650  4 ^aเว็บไซต์^xโปรแกรมใช้สร้าง
650  4 ^aเว็บเพจ^xการออกแบบ
650  4 ^aอโดบีโฟโตช็อบ
700 0  ^aดนุพล กิ่งสุคนธ์,^eบรรณาธิการ
945    ^p0^l0^i16227
995    ^aกัณชพร
999 ^a ใช้งานได้ทุกระบบ
รายการนี้ยังไม่มีแท็ก
คุณยังไม่ได้ล็อกอิน คุณสามารถมีกิจกรรมร่วมกับเว็บไซต์ได้ แต่ต้องล็อกอินก่อน ::
  ล็อกอิน

รายการสื่อสารสนเทศ

ลำดับที่ ประเภท เลขเรียก/บาร์โค้ด สถานที่ สถานะ
- ไม่พบข้อมูล -

รายการใกล้เคียง
    ผู้แต่ง [ประภาพร ช่างไม้]

    หัวเรื่อง [คอมพิวเตอร์กราฟิก]
    หัวเรื่อง [ดรีมวีเวอร์]
    หัวเรื่อง [แฟลช (แฟ้มข้อมูลคอมพิวเตอร์)]
    หัวเรื่อง [อโดบีโฟโตช็อบ]

BibComment


ยังไม่เคยถูกคอมเมนท์

คอมเมนท์ทรัพยากรรายการนี้
  คอมเมนท์: มือใหม่สร้างเว็บ..


 Copyright 2026. Bcnsprnw @Library